000 00328nam a2200121Ia 4500
008 220120s9999||||xx |||||||||||||| ||und||
082 _a510 CHA
100 _aK.S.C
245 0 _aEngineering mathematics II
260 _aSudha publication
_bBangalore
_c2015
300 _aXI, 854p.
_b425
650 _aELECTRONICS AND COMMUNICATIONS
999 _c134563
_d134563